000 00488nam a2200205Ia 4500
005 20240823033552.0
008 240823s9999||||xx |||||||||||||| ||und||
020 _a81-315-0244-9
041 _aENGLISH
082 _A382.1 P7
100 _aBeth V Yarbrough
245 4 _aThe World Economy Trade and Finance
250 _a7th
260 _c2007
_bThomson
500 _aYES
650 _aworld Economy
_bGeneral
700 _a Robert M Yarbrough
942 _cBK
999 _c196133
_d196133